| 000 | 00956nam a22003017a 4500 | ||
|---|---|---|---|
| 003 | CHAP | ||
| 005 | 20220329135625.0 | ||
| 008 | 971013s1950 r 00010 d | ||
| 010 | _a39485 | ||
| 011 | _a40457 | ||
| 035 | _a44582 | ||
| 040 | _cCHAP | ||
| 082 |
_a584.92 _bF5 |
||
| 100 | 0 | 0 |
_aFinan, John J. _940927 |
| 245 | _aMaize in the great herbals | ||
| 260 |
_aWaltham, Mass. : _bChronica Botanica, _c1950 |
||
| 300 | _a191 p. | ||
| 590 |
_aBATCH-UPD _b10 _c20130110 _lUCH01 _h0328 |
||
| 590 |
_aBATCH-UPD _b10 _c20130410 _lUCH01 _h0001 |
||
| 590 |
_aBATCH-UPD _b10 _c20130914 _lUCH01 _h1408 |
||
| 590 |
_aCONVERSION _b10 _c20130109 _lUCH01 _h1322 |
||
| 650 | 1 | 4 |
_aMaĆz. _970848 |
| 901 | _aBK | ||
| 942 | _cLIBRO | ||
| 949 |
_a584.92 F5 _bBC _cLIBRO _d33724000361150 _eLIBRO _fc.2 _h14542 _i44582 _si |
||
| 949 |
_a584.92 F5 _bBC _cLIBRO _d33724000361168 _eLIBRO _h26875 _i44582 _si |
||
| 949 |
_a584.92 F5 _bBC _cLIBRO _d33724000361176 _eLIBRO _fc.3 _h31927 _i44582 _si |
||
| 999 |
_c39485 _d39485 |
||